Cleveland Guardians 40 Man Roster - Statistics

General Stats
  • This quiz has been taken 47 times
  • The average score is 17 of 42
Answer Stats
Players % Correct
José Ramírez
90%
Shane Bieber
83%
Austin Hedges
81%
Josh Naylor
79%
Steven Kwan
79%
Amed Rosario
76%
Triston McKenzie
74%
Emmanuel Clase
64%
Myles Straw
62%
Aaron Civale
60%
Zach Plesac
60%
Andrés Giménez
55%
Austin Miller
50%
James Karinchak
50%
Bryan Shaw
45%
Luke Maile
45%
Oscar Mercado
40%
Cal Quantrill
38%
Bobby Bradley
36%
Eli Morgan
36%
Franmil Reyes
33%
Nick Sandlin
33%
Sam Hentges
33%
Tyler Freeman
33%
Gabriel Arias
31%
Trevor Stephan
31%
Ernie Clement
29%
Logan Allen
29%
Brayan Rocchio
26%
Nolan Jones
26%
Yu Chang
24%
Anthony Gose
21%
Bryan Lavastida
21%
Cody Morris
21%
Richie Palacios
19%
Anthony Castro
14%
George Valera
12%
Konnor Pilkington
12%
Jhonkensy Noel
10%
Jose Tena
10%
Carlos Vargas
7%
Tobias Myers
5%
No matching quizzes found
Score Distribution
Percent of People with Each Score
Percentile by Number Answered
Your Score History
You have not taken this quiz